[Event "GBR-ch90"]
[Site "Edinburgh"]
[Date "2003.08.01"]
[Round "11.38"]
[White "Meyer, Gordon"]
[Black "Radovanovic, Jovica"]
[Result "0-1"]
[WhiteElo "2175"]
[BlackElo "2239"]
[PlyCount "144"]
[EventDate "2003.07.21"]
[EventType "swiss"]
[EventRounds "11"]
[EventCountry "GBR"]
[SourceTitle "BritBase"]
[Source "John Saunders"]
[SourceDate "2008.07.14"]
[SourceVersion "1"]
[SourceVersionDate "2008.07.14"]
[SourceQuality "2"]

1. e4 c5 2. Nf3 d6 3. d4 cxd4 4. Nxd4 Nf6 5. Nc3 Nc6 6. Bg5 e6 7. Qd2 a6 8.
O-O-O h6 9. Be3 Be7 10. f3 Nxd4 11. Qxd4 b5 12. e5 dxe5 13. Qxe5 Bd7 14. Qg3
Kf8 15. Bd4 Rc8 16. Be5 Rg8 17. Kb1 Qb6 18. Bxf6 gxf6 19. Qf4 Ke8 20. Qxh6 f5
21. Bd3 Qc5 22. Qd2 Bc6 23. Rde1 a5 24. h4 a4 25. g4 b4 26. Nxa4 Bxa4 27. gxf5
Bd7 28. fxe6 Bxe6 29. Qh6 Ra8 30. b3 Qa5 31. Kc1 Qa3+ 32. Kd1 Rd8 33. Ke2 Qxa2
34. Qh7 Rf8 35. Qg7 Qa5 36. Ra1 Qc5 37. h5 Rxd3 38. cxd3 Qc2+ 39. Ke3 Bc5+ 40.
d4 Qc3+ 41. Ke2 Bxd4 42. Qg5 Qc2+ 43. Qd2 Qxd2+ 44. Kxd2 Bxa1 45. Rxa1 Bxb3 46.
Rb1 Bd5 47. Rxb4 Bxf3 48. h6 Ke7 49. Ke3 Bd5 50. Kf4 Kf6 51. Rb2 Rh8 52. Rh2
Rh7 53. Rd2 Be6 54. Rh2 Kg6 55. Rg2+ Kxh6 56. Ke5 Rg7 57. Rh2+ Kg5 58. Rf2 Rh7
59. Rf1 Rh2 60. Ke4 f5+ 61. Kf3 Rh3+ 62. Kg2 Rc3 63. Rd1 Kg4 64. Rd6 Rc2+ 65.
Kg1 Ba2 66. Rg6+ Kf3 67. Ra6 f4 68. Ra3+ Kg4 69. Kh1 Bd5+ 70. Kg1 f3 71. Ra4+
Kg3 72. Ra1 f2+ 0-1

[Event "GBR-ch90"]
[Site "Edinburgh"]
[Date "2003.08.01"]
[Round "11.39"]
[White "Dignam, Matthew P"]
[Black "Ashton, Adam"]
[Result "0-1"]
[WhiteElo "2124"]
[BlackElo "2234"]
[PlyCount "56"]
[EventDate "2003.07.21"]
[EventType "swiss"]
[EventRounds "11"]
[EventCountry "GBR"]
[SourceTitle "BritBase"]
[Source "John Saunders"]
[SourceDate "2008.07.14"]
[SourceVersion "1"]
[SourceVersionDate "2008.07.14"]
[SourceQuality "2"]

1. d4 Nf6 2. Nf3 e6 3. e3 g6 4. Bd3 Bg7 5. O-O d6 6. e4 Nc6 7. Nc3 e5 8. dxe5
Nxe5 9. Be2 O-O 10. Bg5 h6 11. Nxe5 hxg5 12. Ng4 Nxg4 13. Bxg4 Re8 14. Bxc8
Rxc8 15. Qg4 Bxc3 16. bxc3 Qf6 17. Rab1 b6 18. Qh3 Re6 19. Qd3 Rce8 20. f3 Re5
21. Rb5 Rxb5 22. Qxb5 Re5 23. Qd3 Rc5 24. c4 Qe6 25. f4 gxf4 26. Rxf4 Qxc4 27.
Qh3 Qd4+ 28. Kh1 Qd1+ 0-1

[Event "GBR-ch90"]
[Site "Edinburgh"]
[Date "2003.08.01"]
[Round "11.40"]
[White "Jackson, Adrian"]
[Black "Kafka, Graeme"]
[Result "1-0"]
[WhiteElo "2228"]
[BlackElo "2170"]
[PlyCount "79"]
[EventDate "2003.07.21"]
[EventType "swiss"]
[EventRounds "11"]
[EventCountry "GBR"]
[SourceTitle "BritBase"]
[Source "John Saunders"]
[SourceDate "2008.07.14"]
[SourceVersion "1"]
[SourceVersionDate "2008.07.14"]
[SourceQuality "2"]

1. e4 c5 2. Nf3 d6 3. d4 cxd4 4. Nxd4 Nf6 5. Nc3 g6 6. Be3 Bg7 7. f3 Nc6 8. Qd2
O-O 9. Bc4 Bd7 10. O-O-O Rc8 11. Bb3 Ne5 12. h4 h5 13. Bg5 Rc5 14. f4 Nc4 15.
Qd3 Qc7 16. Bxf6 Bxf6 17. Nd5 Rxd5 18. exd5 b5 19. c3 Rc8 20. Bxc4 Qxc4 21.
Qxc4 Rxc4 22. a3 a5 23. Kc2 b4 24. axb4 axb4 25. Kb3 Rc8 26. c4 e6 27. dxe6
fxe6 28. Nf3 d5 29. cxd5 exd5 30. Rc1 Ra8 31. Ra1 Rc8 32. Rhc1 Re8 33. Re1 Rd8
34. Ra6 Kg7 35. Rc1 Re8 36. Ra7 Re3+ 37. Ka2 b3+ 38. Ka1 Re7 39. Rcc7 Re2 40.
Rxd7+ 1-0

[Event "GBR-ch90"]
[Site "Edinburgh"]
[Date "2003.08.01"]
[Round "11.41"]
[White "Buckley, Melanie"]
[Black "Walton, Alan J"]
[Result "1/2-1/2"]
[WhiteElo "2130"]
[BlackElo "2158"]
[PlyCount "30"]
[EventDate "2003.07.21"]
[EventType "swiss"]
[EventRounds "11"]
[EventCountry "GBR"]
[SourceTitle "BritBase"]
[Source "John Saunders"]
[SourceDate "2008.07.14"]
[SourceVersion "1"]
[SourceVersionDate "2008.07.14"]
[SourceQuality "2"]

1. e4 e6 2. d4 d5 3. Nd2 Nf6 4. e5 Nfd7 5. c3 c5 6. Bd3 Nc6 7. Ne2 cxd4 8. cxd4
Qb6 9. Nf3 f6 10. exf6 Nxf6 11. O-O Bd6 12. b3 O-O 13. Bf4 Bxf4 14. Nxf4 Bd7
15. Rc1 Rae8 1/2-1/2

[Event "GBR-ch90"]
[Site "Edinburgh"]
[Date "2003.08.01"]
[Round "11.42"]
[White "Muir, Andrew J"]
[Black "Lim Chin Lee"]
[Result "1-0"]
[WhiteElo "2316"]
[BlackElo "2119"]
[PlyCount "95"]
[EventDate "2003.07.21"]
[EventType "swiss"]
[EventRounds "11"]
[EventCountry "GBR"]
[SourceTitle "BritBase"]
[Source "John Saunders"]
[SourceDate "2008.07.14"]
[SourceVersion "1"]
[SourceVersionDate "2008.07.14"]
[SourceQuality "2"]

1. d4 Nf6 2. c4 c5 3. d5 b5 4. cxb5 a6 5. bxa6 Bxa6 6. Nc3 g6 7. e4 Bxf1 8.
Kxf1 d6 9. Nf3 Bg7 10. g3 O-O 11. Kg2 Nbd7 12. Re1 Ra7 13. e5 dxe5 14. Nxe5
Nxe5 15. Rxe5 Rd7 16. Qf3 Qb8 17. Re2 Qb7 18. Bg5 Rfd8 19. Rae1 Kf8 20. d6
Qxf3+ 21. Kxf3 exd6 22. Ne4 Nxe4 23. Bxd8 d5 24. Bb6 f5 25. a4 d4 26. Rxe4
fxe4+ 27. Rxe4 d3 28. Bxc5+ Kf7 29. Re1 Bxb2 30. Rd1 Bc3 31. Ke3 Rd5 32. Bb6 d2
33. Ke2 Ke6 34. Rb1 Kd6 35. Kd1 Re5 36. Be3 Re4 37. Rb3 Ba5 38. Rd3+ Ke6 39.
Rd4 Re5 40. Bxd2 Bb6 41. Rf4 Rh5 42. h4 Rd5 43. Ke2 Re5+ 44. Kf3 Rd5 45. Be3
Bc7 46. Re4+ Kf7 47. Rd4 Re5 48. Rd7+ 1-0

[Event "GBR-ch90"]
[Site "Edinburgh"]
[Date "2003.08.01"]
[Round "11.43"]
[White "Walton, Colin"]
[Black "Eggleston, Thomas"]
[Result "1/2-1/2"]
[WhiteElo "2135"]
[BlackElo "2040"]
[PlyCount "32"]
[EventDate "2003.07.21"]
[EventType "swiss"]
[EventRounds "11"]
[EventCountry "GBR"]
[SourceTitle "BritBase"]
[Source "John Saunders"]
[SourceDate "2008.07.14"]
[SourceVersion "1"]
[SourceVersionDate "2008.07.14"]
[SourceQuality "2"]

1. e4 e6 2. d3 d5 3. Nd2 Nf6 4. Ngf3 Be7 5. g3 O-O 6. Bg2 c5 7. O-O Nc6 8. Re1
b5 9. c3 a5 10. exd5 exd5 11. d4 cxd4 12. Nxd4 Nxd4 13. cxd4 Ba6 14. Nf1 h6 15.
Bf4 Re8 16. Rc1 Rc8 1/2-1/2

[Event "GBR-ch90"]
[Site "Edinburgh"]
[Date "2003.08.01"]
[Round "11.44"]
[White "Waters, Clive L"]
[Black "Vujatovic, Rajko"]
[Result "1/2-1/2"]
[WhiteElo "2111"]
[BlackElo "2265"]
[PlyCount "28"]
[EventDate "2003.07.21"]
[EventType "swiss"]
[EventRounds "11"]
[EventCountry "GBR"]
[SourceTitle "BritBase"]
[Source "John Saunders"]
[SourceDate "2008.07.14"]
[SourceVersion "1"]
[SourceVersionDate "2008.07.14"]
[SourceQuality "2"]

1. d4 d5 2. Nf3 Nc6 3. g3 Bg4 4. Bg2 e6 5. O-O Nf6 6. Nbd2 Bd6 7. c4 O-O 8. Re1
Bf5 9. a3 a5 10. b3 Ne4 11. Bb2 h6 12. Ne5 Nxe5 13. dxe5 Bc5 14. Nxe4 dxe4
1/2-1/2

[Event "GBR-ch90"]
[Site "Edinburgh"]
[Date "2003.08.01"]
[Round "11.46"]
[White "Coleman, James"]
[Black "Clarke, Thomas M"]
[Result "0-1"]
[WhiteElo "2211"]
[BlackElo "2128"]
[PlyCount "80"]
[EventDate "2003.07.21"]
[EventType "swiss"]
[EventRounds "11"]
[EventCountry "GBR"]
[SourceTitle "BritBase"]
[Source "John Saunders"]
[SourceDate "2008.07.14"]
[SourceVersion "1"]
[SourceVersionDate "2008.07.14"]
[SourceQuality "2"]

1. d4 f5 2. Bg5 c5 3. dxc5 Qa5+ 4. Nc3 Qxc5 5. Nf3 Nf6 6. Bxf6 exf6 7. Qd2 b5
8. Qd5 Qxd5 9. Nxd5 Kd8 10. Nd4 Bb7 11. Nf4 Be4 12. O-O-O Bd6 13. Nh5 Be5 14.
Nxg7 Bxd4 15. Rxd4 Nc6 16. Rd2 Rg8 17. Ne6+ Ke7 18. Nf4 Nb4 19. f3 Bc6 20. a3
Na6 21. e3 Nc7 22. Bd3 a5 23. b3 b4 24. a4 Rg5 25. h4 Rg7 26. Bxf5 Rag8 27.
Rhd1 Ne6 28. Bxe6 dxe6 29. Rd6 Bd5 30. Nxd5+ exd5 31. R1xd5 Rxg2 32. Rd7+ Ke6
33. R7d6+ Ke7 34. Rc6 Rf2 35. Rxa5 Rg1+ 36. Kb2 Rff1 37. Ra7+ Kd8 38. Rd6+ Ke8
39. Re6+ Kf8 40. Rxf6+ Kg8 0-1

[Event "GBR-ch90"]
[Site "Edinburgh"]
[Date "2003.08.01"]
[Round "11.47"]
[White "Gilbert, Jessie L"]
[Black "Simmons, Matthew"]
[Result "1-0"]
[WhiteElo "2109"]
[BlackElo "2176"]
[PlyCount "45"]
[EventDate "2003.07.21"]
[EventType "swiss"]
[EventRounds "11"]
[EventCountry "GBR"]
[SourceTitle "BritBase"]
[Source "John Saunders"]
[SourceDate "2008.07.14"]
[SourceVersion "1"]
[SourceVersionDate "2008.07.14"]
[SourceQuality "2"]

1. d4 d5 2. c4 e6 3. Nc3 c5 4. cxd5 cxd4 5. Qa4+ Bd7 6. Qxd4 exd5 7. Qxd5 Nc6
8. Nf3 Nf6 9. Qd1 Bc5 10. e3 Qe7 11. Be2 O-O-O 12. O-O Kb8 13. Nd4 Rc8 14. a3
Rhd8 15. b4 Nxd4 16. exd4 Bxb4 17. axb4 Rxc3 18. Bf4+ Kc8 19. Rxa7 Bc6 20. Re1
Be4 21. Bg4+ Nxg4 22. Qxg4+ f5 23. Qxf5+ 1-0

[Event "GBR-ch90 Senior Ch"]
[Site "Edinburgh"]
[Date "2003.07.26"]
[Round "1"]
[White "Anderton, David W"]
[Black "Levens, David G"]
[Result "1-0"]
[WhiteElo "2184"]
[BlackElo "1840"]
[PlyCount "141"]
[EventDate "2003.07.26"]
[EventType "swiss"]
[EventRounds "7"]
[EventCountry "GBR"]

1. d4 d5 2. c4 c6 3. Nc3 Nf6 4. e3 Bf5 5. cxd5 cxd5 6. Qb3 Qd7 7. Bb5 Nc6 8.
Nf3 e6 9. Ne5 Qc7 10. Qa4 Rc8 11. Qxa7 Bd6 12. Nxc6 bxc6 13. Qxc7 Rxc7 14. Be2
O-O 15. O-O Rb8 16. f3 Rcb7 17. Rd1 c5 18. Bd3 Bg6 19. Bxg6 hxg6 20. b3 cxd4
21. exd4 Rc8 22. Na4 Rc2 23. Be3 Ba3 24. Rd2 Rxd2 25. Bxd2 Rc7 26. Bc3 Nd7 27.
Rd1 Kf8 28. Kf1 Ke7 29. Ke1 Bd6 30. g3 Rc8 31. Kd2 Rh8 32. Rh1 Bxg3 33. h3 Bd6
34. Nb2 f6 35. Nd3 Rh4 36. a4 e5 37. dxe5 fxe5 38. Kc2 Kf7 39. a5 e4 40. fxe4
dxe4 41. Nb4 Rf4 42. Nd5 Rf2+ 43. Kb1 Nc5 44. Be1 Rf3 45. b4 Na6 46. Kc2 Ke6
47. b5 Kxd5 48. bxa6 Kc6 49. Rg1 Rf6 50. Bc3 Re6 51. Bd4 Bb4 52. a7 Re8 53.
Rxg6+ Kd5 54. Rb6 Rc8+ 55. Kb3 Bd6 56. Be3 Be5 57. Kb4 Ra8 58. Rb7 Kc6 59. a6
g5 60. Rb6+ Kd7 61. Rb7+ Kc6 62. Kc4 Bf4 63. Bxf4 gxf4 64. Kd4 e3 65. Kd3 Kd5
66. h4 Ke5 67. h5 Rd8+ 68. Ke2 Rd2+ 69. Kf3 Rf2+ 70. Kg4 Rg2+ 71. Kh4 1-0

[Event "GBR-ch90 Senior Ch"]
[Site "Edinburgh"]
[Date "2003.07.26"]
[Round "1"]
[White "Hempson, Peter W"]
[Black "Watson, James P"]
[Result "1-0"]
[WhiteElo "1976"]
[BlackElo "1672"]
[PlyCount "137"]
[EventDate "2003.07.26"]
[EventType "swiss"]
[EventRounds "7"]
[EventCountry "GBR"]

1. d4 d5 2. c4 e6 3. Nc3 Nf6 4. Bg5 Nbd7 5. e3 c6 6. cxd5 cxd5 7. Nf3 Qa5 8.
Nd2 Bb4 9. Qc2 Bxc3 10. Qxc3 Qxc3 11. bxc3 O-O 12. Bd3 b6 13. O-O Bb7 14. f3 h6
15. Bh4 Rfe8 16. Bb5 g5 17. Bg3 Rec8 18. Rac1 a6 19. Bd3 b5 20. Nb3 Ra7 21. Bd6
Nb6 22. Bc5 Nfd7 23. f4 Nxc5 24. Nxc5 Nc4 25. Bxc4 dxc4 26. fxg5 hxg5 27. Rf6
Ba8 28. Rb1 Rd8 29. Rb2 Bc6 30. e4 Ba8 31. Kf2 Kg7 32. e5 Rh8 33. h3 Rh6 34.
Rxh6 Kxh6 35. g3 Kg6 36. Ke3 Bc6 37. a3 Ra8 38. Rh2 a5 39. Rb2 Rh8 40. Rh2 Rb8
41. h4 b4 42. axb4 axb4 43. Na6 Ra8 44. Nxb4 Bb7 45. hxg5 Kxg5 46. Rf2 Kg6 47.
Ra2 Rxa2 48. Nxa2 Kf5 49. Nb4 Kg4 50. Kf2 Be4 51. Na2 Bd5 52. Nc1 Bc6 53. Ne2
Bf3 54. Nf4 Bc6 55. Ng2 Kg5 56. Ne3 Bb5 57. Kf3 Ba6 58. Ke2 Kg6 59. Ng4 Bb7 60.
Nf6 Kf5 61. Kd2 Be4 62. Nxe4 Kxe4 63. Ke2 Kf5 64. Kf3 Kg5 65. Ke4 Kg6 66. d5
exd5+ 67. Kxd5 Kf5 68. Kxc4 Kxe5 69. Kc5 1-0

[Event "GBR-ch90 Senior Ch"]
[Site "Edinburgh"]
[Date "2003.07.26"]
[Round "1"]
[White "Macrae, James"]
[Black "Dickson, George"]
[Result "0-1"]
[WhiteElo "1560"]
[BlackElo "1928"]
[PlyCount "62"]
[EventDate "2003.07.26"]
[EventType "swiss"]
[EventRounds "7"]
[EventCountry "GBR"]

1. d4 d6 2. Nf3 f5 3. e3 Nf6 4. Bd3 Nc6 5. c3 e5 6. dxe5 dxe5 7. Be2 Qxd1+ 8.
Bxd1 e4 9. Nd4 Ne5 10. O-O Bd7 11. Be2 O-O-O 12. Rd1 c5 13. Nb5 a6 14. Nd6+
Bxd6 15. Rxd6 Bb5 16. Rxd8+ Rxd8 17. Bxb5 Rd1+ 18. Bf1 Rxc1 19. f3 exf3 20.
gxf3 Nxf3+ 21. Kf2 Ne1 22. a4 Ne4+ 23. Ke2 Nc2 24. Ra2 Rxb1 25. Bg2 Re1+ 26.
Kd3 Rxe3+ 27. Kc4 Ne1 28. Bh1 f4 29. Bxe4 Rxe4+ 30. Kd5 f3 31. b4 Re2 0-1

[Event "GBR-ch90 Senior Ch"]
[Site "Edinburgh"]
[Date "2003.07.26"]
[Round "1"]
[White "Nicolson, James R"]
[Black "Ellison, D George"]
[Result "1/2-1/2"]
[WhiteElo "1688"]
[BlackElo "1976"]
[PlyCount "43"]
[EventDate "2003.07.26"]
[EventType "swiss"]
[EventRounds "7"]
[EventCountry "GBR"]

1. c4 e5 2. Nc3 Nc6 3. Nf3 d6 4. d4 Bg4 5. dxe5 Bxf3 6. gxf3 Nxe5 7. f4 Nd7 8.
Bg2 Rb8 9. Be3 a6 10. O-O Ngf6 11. h3 Be7 12. Qd2 O-O 13. a4 Re8 14. b4 Nf8 15.
Nd5 Qd7 16. Kh2 Ng6 17. Ba7 Ra8 18. Bd4 Nxd5 19. cxd5 Qf5 20. e3 Bf6 21. Bxf6
Qxf6 22. Rac1 1/2-1/2

[Event "GBR-ch90 Senior Ch"]
[Site "Edinburgh"]
[Date "2003.07.26"]
[Round "1"]
[White "Reuben, Stewart"]
[Black "Flockhart, Hugh S"]
[Result "1/2-1/2"]
[WhiteElo "2088"]
[BlackElo "1776"]
[PlyCount "64"]
[EventDate "2003.07.26"]
[EventType "swiss"]
[EventRounds "7"]
[EventCountry "GBR"]

1. c4 e5 2. g3 Nf6 3. Bg2 d5 4. cxd5 Nxd5 5. Nc3 Nxc3 6. bxc3 Nc6 7. d3 Be7 8.
Be3 O-O 9. Rb1 Bf6 10. Bc5 Re8 11. Qc2 g6 12. Nf3 Ne7 13. Nd2 Nd5 14. c4 Nb6
15. a4 a5 16. O-O Rb8 17. Bxb6 cxb6 18. Qb3 Be7 19. Qxb6 Bb4 20. Qxd8 Rxd8 21.
Ne4 Kg7 22. Rfc1 Bd7 23. Nc3 b6 24. Nd5 Bc5 25. Nc7 Bc8 26. Rc2 Rd7 27. Nd5 Rd6
28. Nc3 Bb4 29. Ne4 h6 30. c5 bxc5 31. Nxc5 Rd5 32. Kf1 Rd8 1/2-1/2

[Event "GBR-ch90 Senior Ch"]
[Site "Edinburgh"]
[Date "2003.07.26"]
[Round "1"]
[White "Roth, Michael J"]
[Black "Gill, Neville"]
[Result "1/2-1/2"]
[WhiteElo "1816"]
[BlackElo "2112"]
[PlyCount "120"]
[EventDate "2003.07.26"]
[EventType "swiss"]
[EventRounds "7"]
[EventCountry "GBR"]

1. e4 e5 2. Nf3 Nc6 3. Nc3 Nf6 4. Bb5 Bb4 5. Qe2 O-O 6. a3 Bxc3 7. dxc3 d5 8.
exd5 Qxd5 9. h3 e4 10. Bxc6 bxc6 11. Nd4 c5 12. Nb5 Qc6 13. c4 Bb7 14. Be3 Ne8
15. Nc3 f5 16. Nd5 Rf7 17. O-O-O Nd6 18. Rd2 Raf8 19. Rhd1 Nc8 20. g3 Nb6 21.
Bf4 Ba6 22. b3 Bc8 23. Qe3 a5 24. Be5 a4 25. Qf4 axb3 26. cxb3 Nxd5 27. cxd5
Qb5 28. Qe3 c4 29. bxc4 Qxc4+ 30. Rc2 Qa4 31. Bxc7 Ba6 32. d6 Bd3 33. Rc3 Qb5
34. Qb6 Qxb6 35. Bxb6 Rb8 36. Ba5 Rb1+ 37. Kd2 Rb2+ 38. Ke3 Rd7 39. Rc8+ Kf7
40. Rc7 Re2+ 41. Kd4 Ke6 42. Rxd7 Kxd7 43. Kd5 Rxf2 44. Rc1 Bc2 45. Bb4 g5 46.
a4 Bxa4 47. Rc7+ Kd8 48. Rxh7 e3 49. Ba5+ Kc8 50. Rc7+ Kb8 51. Re7 f4 52. gxf4
gxf4 53. Bc3 Rh2 54. Be5 Kc8 55. Bxf4 Rxh3 56. Bxe3 Rh5+ 57. Ke6 Bb3+ 58. Kf6
Rd5 59. Bf4 Kd8 60. Ke6 Rd1+ 1/2-1/2

[Event "GBR-ch90 Senior Ch"]
[Site "Edinburgh"]
[Date "2003.07.26"]
[Round "1"]
[White "Smith, David"]
[Black "Stephenson, F Norman"]
[Result "0-1"]
[WhiteElo "1712"]
[BlackElo "2072"]
[PlyCount "128"]
[EventDate "2003.07.26"]
[EventType "swiss"]
[EventRounds "7"]
[EventCountry "GBR"]

1. e4 e6 2. d4 d5 3. e5 c5 4. c3 Nc6 5. Nf3 Bd7 6. dxc5 Bxc5 7. Bd3 Nge7 8. O-O
Ng6 9. Qe2 Qc7 10. Re1 a6 11. b4 Ba7 12. Be3 Ncxe5 13. Bxa7 Nxd3 14. Qxd3 Rxa7
15. Qxd5 O-O 16. Qd4 Raa8 17. c4 Rfd8 18. Nbd2 Bc6 19. Qg4 Rd3 20. Rac1 Rad8
21. b5 Bxf3 22. Nxf3 Qa5 23. bxa6 Qxa6 24. h4 Qd6 25. g3 Qc6 26. Ne5 Nxe5 27.
Rxe5 R3d4 28. Qe2 Rd2 29. Qe4 Qxe4 30. Rxe4 Rxa2 31. Rb1 Rd7 32. c5 h5 33. Reb4
Rc2 34. Rxb7 Rxb7 35. Rxb7 Rxc5 36. Kg2 Rc3 37. f3 Rc2+ 38. Kh3 Rc3 39. Kg2 Kf8
40. g4 hxg4 41. fxg4 g6 42. Ra7 Kg7 43. g5 Re3 44. Rb7 Re4 45. Kg3 Rd4 46. Rc7
Kf8 47. Rc8+ Ke7 48. Rh8 Rd8 49. Rh6 Rd5 50. Kf4 Rf5+ 51. Ke4 Kd6 52. Rh8 Re5+
53. Kd4 Ra5 54. Rd8+ Ke7 55. Rh8 Rd5+ 56. Ke4 Rd8 57. Rh7 Rd5 58. Kf4 e5+ 59.
Ke4 Ke6 60. h5 Rd4+ 61. Ke3 gxh5 62. Rxh5 Rf4 63. Rh6+ Kf5 64. Rh5 Kg6 0-1

[Event "GBR-ch90 Senior Ch"]
[Site "Edinburgh"]
[Date "2003.07.26"]
[Round "1"]
[White "Thomas, Norman G"]
[Black "Bissell, Maurice"]
[Result "0-1"]
[WhiteElo "1504"]
[BlackElo "1840"]
[PlyCount "56"]
[EventDate "2003.07.26"]
[EventType "swiss"]
[EventRounds "7"]
[EventCountry "GBR"]

1. e4 e6 2. d4 d5 3. e5 c5 4. c3 Nc6 5. Nf3 Qb6 6. Be2 cxd4 7. cxd4 Nge7 8. Nc3
Nf5 9. Na4 Qa5+ 10. Bd2 Bb4 11. Bc3 Bd7 12. a3 Bxc3+ 13. Nxc3 a6 14. b4 Qd8 15.
O-O Rc8 16. Rc1 b5 17. Qd3 O-O 18. Nb1 f6 19. Nbd2 fxe5 20. dxe5 Nh4 21. Nxh4
Qxh4 22. Nf3 Qh6 23. g3 Nxb4 24. Qb1 Nc6 25. Rfe1 Be8 26. Nh4 g5 27. Ng2 Bg6
28. Bd3 Nd4 0-1

[Event "GBR-ch90 Senior Ch"]
[Site "Edinburgh"]
[Date "2003.07.26"]
[Round "1"]
[White "Toothill, John"]
[Black "Tidmarsh, David A"]
[Result "1-0"]
[WhiteElo "1984"]
[BlackElo "1696"]
[PlyCount "43"]
[EventDate "2003.07.26"]
[EventType "swiss"]
[EventRounds "7"]
[EventCountry "GBR"]

1. e4 d5 2. exd5 Qxd5 3. Nc3 Qa5 4. d4 Nf6 5. Nf3 Bf5 6. Bc4 e6 7. O-O c6 8.
Bf4 Bb4 9. Ne2 Nbd7 10. c3 Be7 11. Ng3 Bg6 12. Re1 Nd5 13. Bg5 Bxg5 14. Nxg5
Nxc3 15. Qd2 b5 16. Bxe6 fxe6 17. Rxe6+ Kf8 18. Rxc6 Nf6 19. bxc3 h6 20. Ne6+
Kg8 21. Qf4 Nd5 22. Qe5 1-0

[Event "GBR-ch90 Senior Ch"]
[Site "Edinburgh"]
[Date "2003.07.27"]
[Round "2"]
[White "Bissell, Maurice"]
[Black "Toothill, John"]
[Result "1/2-1/2"]
[WhiteElo "1840"]
[BlackElo "1984"]
[PlyCount "30"]
[EventDate "2003.07.26"]
[EventType "swiss"]
[EventRounds "7"]
[EventCountry "GBR"]

1. d4 Nf6 2. Nf3 g6 3. c4 Bg7 4. Nc3 d5 5. Bf4 O-O 6. e3 c6 7. Be2 Nbd7 8. O-O
dxc4 9. Bxc4 Nb6 10. Bb3 Bg4 11. h3 Bxf3 12. Qxf3 Nbd5 13. Be5 Qa5 14. Nxd5
Nxd5 15. Bxg7 Kxg7 1/2-1/2

[Event "GBR-ch90 Senior Ch"]
[Site "Edinburgh"]
[Date "2003.07.27"]
[Round "2"]
[White "Boyce, James R"]
[Black "Hempson, Peter W"]
[Result "1/2-1/2"]
[WhiteElo "1840"]
[BlackElo "1976"]
[PlyCount "43"]
[EventDate "2003.07.26"]
[EventType "swiss"]
[EventRounds "7"]
[EventCountry "GBR"]

1. e4 d5 2. exd5 Qxd5 3. Nc3 Qa5 4. Nf3 c6 5. Bc4 Bf5 6. O-O e6 7. d3 Nf6 8.
Bf4 Be7 9. Qd2 Qd8 10. Rfe1 O-O 11. Rad1 Nd5 12. Nxd5 cxd5 13. Bb3 Nc6 14. a3
Bf6 15. Ne5 Rc8 16. Nxc6 Rxc6 17. Be5 d4 18. Bxf6 Qxf6 19. Qa5 Ra6 20. Qe5 Rc8
21. Qf4 Ra5 22. Rd2 1/2-1/2

[Event "GBR-ch90 Senior Ch"]
[Site "Edinburgh"]
[Date "2003.07.27"]
[Round "2"]
[White "Dickson, George"]
[Black "Anderton, David W"]
[Result "1/2-1/2"]
[WhiteElo "1928"]
[BlackElo "2184"]
[PlyCount "60"]
[EventDate "2003.07.26"]
[EventType "swiss"]
[EventRounds "7"]
[EventCountry "GBR"]

1. d4 e6 2. Nf3 Nf6 3. Bf4 b6 4. e3 Bb7 5. Nbd2 Be7 6. h3 c5 7. c3 O-O 8. Be2
Nc6 9. O-O Nd5 10. Bh2 f5 11. c4 Nf6 12. Nb3 d6 13. a3 Qd7 14. Qc2 a5 15. Rad1
a4 16. Nc1 Ne4 17. Nd3 g5 18. dxc5 bxc5 19. Nd2 Nf6 20. Nb1 Na5 21. Nxc5 Qc8
22. Nxb7 Nxb7 23. Nc3 Qd7 24. Bf3 Rfb8 25. Nb5 Ra6 26. g4 fxg4 27. hxg4 Nc5 28.
Kg2 Rf8 29. Rh1 Rf7 30. Bg3 Bf8 1/2-1/2

[Event "GBR-ch90 Senior Ch"]
[Site "Edinburgh"]
[Date "2003.07.27"]
[Round "2"]
[White "Flockhart, Hugh S"]
[Black "Roth, Michael J"]
[Result "0-1"]
[WhiteElo "1776"]
[BlackElo "1816"]
[PlyCount "88"]
[EventDate "2003.07.26"]
[EventType "swiss"]
[EventRounds "7"]
[EventCountry "GBR"]

1. e4 e6 2. d4 d5 3. Nd2 dxe4 4. Nxe4 Bd7 5. Nf3 Bc6 6. Ng3 Qd6 7. Be2 Nf6 8.
O-O Nbd7 9. Bg5 Be7 10. Qd2 Nb6 11. Bf4 Qd8 12. Ne5 Ne4 13. Nxe4 Bxe4 14. Rfe1
O-O 15. c3 f6 16. Nf3 Qd7 17. Bf1 Bxf3 18. gxf3 Bd6 19. Bg3 Rad8 20. Bh3 f5 21.
f4 Rf6 22. Bg2 Rg6 23. Kh1 c6 24. Rg1 Bc7 25. Bh4 Re8 26. Bg3 Nd5 27. Bf3 Nf6
28. Bh4 Ng4 29. Bg3 e5 30. fxe5 Bxe5 31. Rad1 Bf6 32. Rde1 Bg5 33. Rxe8+ Qxe8
34. Re1 Qd7 35. Qe2 h5 36. h4 Bf6 37. Qc4+ Kh7 38. d5 cxd5 39. Bxd5 f4 40. Be6
Qd2 41. Bg8+ Kh8 42. Re8 Qd1+ 43. Kg2 f3+ 44. Kh3 Qh1+ 0-1

[Event "GBR-ch90 Senior Ch"]
[Site "Edinburgh"]
[Date "2003.07.27"]
[Round "2"]
[White "Gill, Neville"]
[Black "Nicolson, James R"]
[Result "1/2-1/2"]
[WhiteElo "2112"]
[BlackElo "1688"]
[PlyCount "127"]
[EventDate "2003.07.26"]
[EventType "swiss"]
[EventRounds "7"]
[EventCountry "GBR"]

1. d4 Nf6 2. c4 c5 3. d5 b5 4. cxb5 a6 5. bxa6 d6 6. Nc3 Bxa6 7. e4 g6 8. Bxa6
Rxa6 9. Nf3 Nbd7 10. O-O Bg7 11. Qe2 Qa8 12. Bg5 O-O 13. Rad1 e6 14. dxe6 fxe6
15. Qc4 Re8 16. Rd2 Ng4 17. Rfd1 Nge5 18. Nxe5 Nxe5 19. Qe2 Nf7 20. Bf4 d5 21.
exd5 exd5 22. Qb5 Ra5 23. Qb6 d4 24. Nd5 Rxa2 25. Nc7 Qb8 26. Qxc5 Rc8 27. Qb5
Qxb5 28. Nxb5 Rd8 29. b3 Rxd2 30. Rxd2 d3 31. f3 Rd5 32. Nc7 Rd7 33. Kf1 Bc3
34. Rd1 Ne5 35. Nb5 Bb2 36. Rb1 d2 37. Ke2 Bc1 38. Nc3 d1=Q+ 39. Nxd1 Bxf4 40.
g3 Rd2+ 41. Kf1 Bh6 42. f4 Nf3 43. h4 Bg7 44. b4 Bd4 45. b5 Rf2+ 46. Nxf2 Nd2+
47. Ke2 Nxb1 48. Ne4 Na3 49. Kd3 Bb6 50. Nf6+ Kf7 51. Nd7 Nxb5 52. Nxb6 h5 53.
Nd5 Nd6 54. Ne3 Ke6 55. Kd4 Nf5+ 56. Nxf5 Kxf5 57. Ke3 Kf6 58. Kd4 Kf5 59. Ke3
Kf6 60. Kf3 Kf5 61. g4+ hxg4+ 62. Kg3 Kf6 63. Kxg4 Kf7 64. Kg5 1/2-1/2

[Event "GBR-ch90 Senior Ch"]
[Site "Edinburgh"]
[Date "2003.07.27"]
[Round "2"]
[White "Levens, David G"]
[Black "Macrae, James"]
[Result "1/2-1/2"]
[WhiteElo "1840"]
[BlackElo "1560"]
[PlyCount "137"]
[EventDate "2003.07.26"]
[EventType "swiss"]
[EventRounds "7"]
[EventCountry "GBR"]

1. e4 Nc6 2. d4 d5 3. e5 Bf5 4. Nf3 e6 5. Be2 h5 6. Bf4 Nh6 7. h3 Be7 8. Qd2
Qd7 9. Nc3 Nb4 10. Rc1 a6 11. a3 Nc6 12. O-O Bg6 13. Rfd1 Nf5 14. Bd3 Bh7 15.
Ne2 Nh4 16. Nxh4 Bxd3 17. Qxd3 Bxh4 18. Qd2 Be7 19. c4 dxc4 20. Rxc4 Bd8 21. d5
exd5 22. Nc3 Ne7 23. Ne4 c6 24. Nd6+ Kf8 25. Rc3 Nf5 26. Ne4 Be7 27. Qc2 g6 28.
Nf6 Qe6 29. Bg5 Bxf6 30. exf6 Re8 31. Rb3 Qd7 32. Qc5+ Kg8 33. Qb6 Nd6 34. f3
Kh7 35. Qf2 Re6 36. g4 hxg4 37. hxg4 Kg8 38. Kg2 Qe8 39. Re3 Rxe3 40. Bxe3 Qd7
41. Bg5 Ne4 42. Qe3 Nxg5 43. Qxg5 Qe6 44. Rd2 Qe1 45. Qf4 Qh1+ 46. Kf2 Rh2+ 47.
Ke3 Qg1+ 48. Kd3 Qf1+ 49. Kc3 Qc1+ 50. Kd3 Rxd2+ 51. Qxd2 Qxd2+ 52. Kxd2 Kf8
53. Ke3 Ke8 54. Kd4 Kd7 55. Ke5 d4 56. Kxd4 Ke6 57. Kc5 Kxf6 58. Kb6 Kg5 59.
Kxb7 Kf4 60. Kxa6 Kxf3 61. g5 Kf4 62. Kb7 Kxg5 63. a4 f5 64. a5 f4 65. a6 f3
66. a7 f2 67. a8=Q f1=Q 68. Qd8+ Qf6 69. Qd2+ 1/2-1/2